| 000 | 01000nab a2200265 u 4500 | ||
|---|---|---|---|
| 001 | 06684 | ||
| 003 | HDC | ||
| 007 | cr bn --- | ||
| 008 | 210123p2014 n |0 eng | ||
| 022 | _a1557-4571 | ||
| 040 | _aHDC | ||
| 100 |
_aRozailin Abdul Rahman, _97122 |
||
| 245 | 0 |
_aExploring the OIC Food Manufacturer Intention Towards Adopting Malaysian Halal Certification / _cRozailin Abdul Rahman, Zainalabidin Mohamed, Golnaz Rezai, Mad Nasir Shamsudin and Juwaidah Sharifuddin |
|
| 260 |
_a[No Place] : _bAcademic Journals Inc., _c2014 |
||
| 336 |
_atext _2rdacontent |
||
| 337 |
_acomputer _2rdamedia |
||
| 338 |
_aonline resource _2rdacarrier |
||
| 650 |
_aFood manufacturer _91108 |
||
| 650 |
_aHalal certifiction, _97123 |
||
| 650 |
_aIntention _96791 |
||
| 856 | _zRequest full-text at [email protected] | ||
| 942 | _2lcc | ||
| 942 | _cAR | ||
| 942 | _kJART 000589 | ||
| 999 |
_c4008 _d4008 |
||